000 00517nam a2200133Ia 4500
008 200908s9999 xx 000 0 und d
020 _a978-971-550-908-4
100 _aTrinidad Jose E.
245 _cJose E. Trinidad.--
_aError-proofing your research :
_bcommon mistakes and how to address them /
260 _aQuezon City :
_bBlueBooks
_c2019
300 _avii , 180 pages :
_billustration ;
_c23 cm.
650 _aAcademic writing -- Study and teaching.
650 _aResearch -- Methodology -- Handbooks, manuals, etc.
999 _c364095
_d364095